[Event "Greifswald Klar op U14"]
[Site "Greifswald"]
[Date "2004.06.28"]
[Round "5"]
[White "Kassemek, Judith"]
[Black "Alexander, Gregor"]
[Result "1-0"]
[WhiteElo "1130"]
[BlackElo "1018"]
[PlyCount "135"]
[EventDate "2004.06.26"]
[EventType "swiss"]
[EventRounds "5"]
[EventCountry "GER"]
[SourceTitle "EXT 2006"]
[Source "ChessBase"]
[SourceDate "2005.11.24"]
[SourceVersion "1"]
[SourceVersionDate "2005.11.24"]
[SourceQuality "1"]

1. e4 e5 2. Nf3 Nc6 3. Bc4 Nf6 4. d3 d5 5. exd5 Nxd5 6. Bd2 Nf6 7. Bb5 Qd6 8. Bc3 Ng4 9. h3 Nxf2 10. Bxc6+ Qxc6 11. Kxf2 Bc5+ 12. d4 exd4 13. Bxd4 Bxd4+ 14. Qxd4 Qxc2+ 15. Qd2 Qc5+ 16. Qe3+ Qxe3+ 17. Kxe3 0-0 18. Kf2 Bf5 19. Re1 Rad8 20. Nbd2 Rd7 21. Re3 Rd6 22. Rae1 Re6 23. Nd4 Rxe3 24. Rxe3 Bg6 25. Nb5 Rd8 26. Kg3 f6 27. Nc4 Rd5 28. Nxc7 Rc5 29. Re7 Rxc4 30. Ne6 Bf7 31. Nd8 Rc8 32. Nxf7 Rf8 33. Nd6 a5 34. Rxb7 Rd8 35. Nc4 Rd3+ 36. Kh2 Rd4 37. b3 a4 38. Rc7 axb3 39. axb3 Rd3 40. b4 Rb3 41. Rb7 Kf8 42. Nd6 h5 43. h4 g5 44. hxg5 fxg5 45. g3 Rb2+ 46. Kh3 g4+ 47. Kh4 Rh2+ 48. Kg5 Rh3 49. Rh7 Rxg3 50. Rxh5 Rg1 51. Kf6 Rf1+ 52. Rf5 Rxf5+ 53. Nxf5 Ke8 54. Ke6 Kd8 55. Kd6 Ke8 56. Ke5 Kd7 57. Kd5 Kc7 58. Kc5 Kb7 59. Kb5 Kb8 60. Kb6 g3 61. Nxg3 Ka8 62. Kc7 Ka7 63. b5 Ka8 64. Nf5 Ka7 65. b6+ Ka6 66. b7 Ka7 67. b8Q+ Ka6 68. Qb6# 1-0

[Event "Greifswald Klar op U14"]
[Site "Greifswald"]
[Date "2004.06.26"]
[Round "1"]
[White "Kassemek, Judith"]
[Black "Scheiwe, Clemens"]
[Result "1-0"]
[WhiteElo "1130"]
[BlackElo "808"]
[PlyCount "47"]
[EventDate "2004.06.26"]
[EventType "swiss"]
[EventRounds "5"]
[EventCountry "GER"]
[SourceTitle "EXT 2006"]
[Source "ChessBase"]
[SourceDate "2005.11.24"]
[SourceVersion "1"]
[SourceVersionDate "2005.11.24"]
[SourceQuality "1"]

1. e4 e5 2. Nf3 Nc6 3. Bc4 Nf6 4. d3 Bb4+ 5. Bd2 Bc5 6. c3 0-0 7. Bg5 a6 8. d4 exd4 9. e5 dxc3 10. Nxc3 h6 11. exf6 hxg5 12. fxg7 Kxg7 13. 0-0 g4 14. Nd2 g3 15. Qg4+ Kf6 16. Nde4+ Ke7 17. Nd5+ Ke8 18. Nef6+ Qxf6 19. Nxf6+ Kd8 20. Rae1 d6 21. Qg5 Ne7 22. Nd5 Be6 23. Qxe7+ Kc8 24. Qxc7# 1-0

[Event "GER-chT U14 Girls"]
[Site "Greifswald"]
[Date "2003.12.30"]
[Round "7.4"]
[White "Kassemek, Judith"]
[Black "Brjakow, Jennifer"]
[Result "1-0"]
[WhiteElo "1035"]
[BlackElo "1056"]
[PlyCount "53"]
[EventDate "2003.12.27"]
[EventType "team-swiss"]
[EventRounds "7"]
[EventCountry "GER"]
[SourceTitle "EXT 2022"]
[Source "ChessBase"]
[SourceDate "2021.10.06"]
[SourceVersion "1"]
[SourceVersionDate "2021.10.06"]
[SourceQuality "1"]
[WhiteTeam "Eberswalde U14 Girls"]
[BlackTeam "Delitzsch ESV U14 Girls"]
[WhiteTeamCountry "GER"]
[BlackTeamCountry "GER"]

1. e4 e5 2. Nf3 Nc6 3. Bc4 Nf6 4. Nc3 Bc5 5. d3 h6 6. 0-0 d6 7. h3 Be6 8. Bxe6 fxe6 9. Be3 Bb6 10. Bxb6 axb6 11. Qd2 d5 12. exd5 exd5 13. Qe2 Qd6 14. Nb5 Qe7 15. Rfe1 e4 16. Nh4 Qf7 17. f3 0-0-0 18. fxe4 Rhe8 19. Rf1 Qe7 20. Nf5 Qf7 21. Rf4 g5 22. Rf3 dxe4 23. dxe4 h5 24. Rd3 Nxe4 25. Rxd8+ Nxd8 26. Qf3 Nc6 27. Nfd6+ 1-0